Statistics for Dr Who Quiz

Click here to take the quiz!

General Stats

  • This quiz has been taken 813 times
  • The average score is 12 of 15

Answer Stats

Last NameFirst Name% Correct
TylerRose
97%
SongRiver
96%
PondAmy
96%
HarknessJack
95%
NobleDonna
93%
WilliamsRory
91%
JonesMartha
89%
Jane SmithSarah
87%
OswaldClara
86%
9K
84%
TylerJackie
77%
SmithMickey
66%
PondMelody
61%
MottWilfred
46%
GrantJo
40%

Score Distribution

Percentile by Number Answered

Percent of People with Each Score

Your Score History

You have not taken this quiz